It looks like you're offline.
Open Library logo
additional options menu

MARC record from Internet Archive

LEADER: 00890nam 2200241I 4500
001 1607588
005 19920416163107.0
008 760916s1921 dcu 000 0 eng
010 $acd 34000016
035 $a(OCoLC)02435284
035 $907-AFF-5091
040 $aDLC$cTOL$dCLU
100 1 $aHerty, Charles H.$q(Charles Holmes),$d1867-1938.
245 14 $aThe reserves of the chemical warfare service,$cby Charles H. Herty.
260 $aWashington, D. C. :$bNational research council,$c1921.
300 $acover-title, 17 p.$c24 cm.
490 0 $aReprint and circular series of the National research council. no. 16
500 $a"An address delivered under the auspices of the National research council at Washington, D. C., February 21, 1921."
650 0 $aGases$xAsphyxiating and poisonous$xWar use.
650 0 $aResearch.
910 $aqad 920416 bm
935 $aMC5152090
910 $aMARS